[Event "Tata Steel-A 75th"]
[Site "Wijk aan Zee"]
[Date "2013.01.20"]
[Round "8"]
[White "Carlsen, Magnus"]
[Black "Karjakin, Sergey"]
[Result "1-0"]
[WhiteElo "2861"]
[BlackElo "2780"]
[Annotator "Marin,Mihail"]
[PlyCount "183"]
[EventDate "2013.01.12"]
[EventType "tourn"]
[EventRounds "13"]
[EventCountry "NED"]
[EventCategory "20"]
[SourceTitle "CBM 153"]
[Source "ChessBase"]
[SourceDate "2013.03.14"]
[SourceVersion "1"]
[SourceVersionDate "2013.03.14"]
[SourceQuality "1"]

1. Nf3 Nf6 2. g3 {It is not a secret that the opening is not Carlsen's favourite area for duels of principle; he prefers the middlegame and the endgame for that. The Reti Opening is just perfect for such an approach.} d5 3. Bg2 c6 4. O-O Bg4 5. c4 e6 6. d3 Nbd7 7. cxd5 exd5 ({After ...bd7, it seems to make less sense to clear the c6-square with} 7... cxd5 {, but the move remains playable, of course, see for instance Markowski,T (2564)-Fressinet,L (2627) Gothenburg 2005 CBM 109 [Marin,M] (1/2, 31)}) 8. Qc2 {Usually White does not develop his queen so early, but it may well lead to a transposition.} (8. Nc3 Be7 (8... Bc5 9. h3 Bh5 10. a3 a5 11. e4 {1-0 (40) Marin,M (2530)-Krasenkow,M (2655) Elista 1998 CBM 066 ext [Horn,Pe]}) 9. h3 Bxf3 10. Bxf3 d4 11. Nb1 {1/2 (26) Markowski,T (2560)-Bobras,P (2501) Poznan 2005 CBM 107 [Marin,M]}) 8... Be7 9. Nc3 Bxf3 {Black gives up the bishops pair in order to prevent the planned e2-e4.} (9... O-O 10. e4 Nc5 11. Ne5 Bh5 12. exd5 Nxd5 13. Nxd5 cxd5 14. d4 $14 {Loginov,V (2499)-Poddubnyi,V (2240) Elista 2001 CBM 083 [Horn,Pe] (1-0, 33)}) 10. Bxf3 d4 {This prolongs the f3-bishops range only partly, since the c6-pawn is solidly defended. It all depends on whether White can carry out the minoritys attack with b4-b5.} 11. Ne4 (11. Nb1 O-O 12. Nd2 {1/2 (73) Markowski,T (2560)-Czarnota,P (2478) Poznan 2005 CBM 107 [Marin,M]}) 11... O-O {Abstractly speaking, the best approach. Black does not release the tension, letting White do it if he wishes so.} ({Concretely, I am not sure whether} 11... Nxe4 12. Bxe4 {really improves that much White's position with respect to the game, but in practice White scored well:} a5 (12... O-O 13. b4 Bxb4 14. Rb1 a5 15. a3 Bc3 16. Bb2 Bxb2 17. Rxb2 Nb6 18. Rfb1 Ra6 19. Rb3 $44 {Loginov,V (2524)-Sinkevich,P (2323) St Petersburg 2003 (1-0, 48)}) (12... Nc5 13. Bg2 O-O 14. b4 Ne6 15. Rb1 Qd7 16. Bd2 Rac8 17. Rfc1 Kh8 18. Qb3 a6 19. Rc2 Ng5 20. a4 Qf5 21. b5 $16 {Hausrath,D (2445)-Jacob,G (2250) Germany 2004 (1/2, 60)}) 13. Bd2 O-O 14. Rab1 (14. Rfb1 Qb6 15. Qc4 Ne5 16. Qa4 Nd7 17. Qc4 Ne5 18. Qa4 Nd7 {1/2 (18) Loginov,V (2540)-Grischuk,A (2701) Togliatti 2003}) 14... Qb6 15. Rfc1 Rfe8 16. Qd1 Bb4 17. Bf4 Nc5 18. Bf3 Ne6 19. Bd2 Bxd2 20. Qxd2 Qb4 21. Qxb4 axb4 22. Rc4 Rxa2 23. Rxb4 Re7 24. Bg4 g6 25. Bxe6 Rxe6 26. Kf1 $16 {Hausrath,D (2507)-Van Wessel,R (2375) Netherlands 2011 (1-0, 44)}) 12. Nxf6+ Nxf6 $146 ({Clearly an improvement over} 12... Bxf6 {, which allows White start his queenside attack without loss of time:} 13. b4 Nb6 14. Rb1 Qd7 15. b5 Rac8 (15... cxb5 16. Qc5 $16) 16. bxc6 bxc6 17. Bd2 Rfe8 18. Rfc1 g6 19. a4 Nd5 20. Qc4 $16 {Loginov,V (2507)-Tunik,G (2451) Togliatti 2001 (1-0, 43)}) 13. Bd2 $146 ({The already familiar} 13. b4 {maybe worth a try here, too, but Carlsens approach (at least in this game) is by far longer ranged than that.}) ({RR} 13. Qc4 a5 14. Bf4 Qb6 15. Be5 Rfd8 16. Rab1 Ne8 17. Kh1 Qb4 18. Rfc1 Qb6 19. Qa4 Qb4 20. Qd1 Qb5 21. Bf4 Qf5 22. Qe1 h5 23. Bd2 h4 24. Kg2 Nd6 25. a3 g6 26. Rc2 hxg3 27. hxg3 Kg7 {Pedersen,N (2390)-Andersen,M (2504) Aarhus 2014 0-1 (42)}) 13... a5 14. a3 Nd5 $1 {From this square, the knight inhibits the thematic b2-b4, because of the possible occupation of the c3-square (sustained by ...f6, of course). Still, Black is not 100% stable since the d4-pawn cannot be defended along the d-file.} (14... a4 {is premature and would play into White's hands:} 15. b3 axb3 16. Qxb3 Ra7 17. a4 $14) 15. Rab1 Qd7 16. Rfc1 (16. b4 axb4 17. axb4 Bf6 {[%cal Gd5c3]}) 16... Rfe8 {It is far from easy to evaluate this position. It takes a lot of optimism to claim an advantage with White, but on the other hand did Black achieve full equality? White's structure is more flexible, his bishops are a potential danger and it would be only he who could carry out certain pawn breaks, such as b2-b4 or e2-e4. Black has to limit himself to parrying the small threats and in doing so he should also avoid losing coordination. Karjakin will deal with this task for a long time, but not long enough! So, for practical point of view, I would risk to asses the position as a .} 17. Qc4 Nc7 18. h4 a4 19. Bb4 {An interesting plan. White needs the b4- and c5-squares for his major pieces, in order to start attacking the a4- and d4- pawns.} (19. b4 {remains unappealing:} Nb5 20. Ra1 Bf6) 19... Nb5 20. Kg2 h6 21. Bc5 g6 22. Qb4 Bf6 {Stepping out of the tension in the hope that White's pieces will become vulnerable.} (22... Bxc5 23. Rxc5 {offers White some initiative, but it is difficult to say how persistent. From practical point of view, Black's position would be slightly unpleasant though.} h5 24. Rbc1 Kg7 25. R1c4 Qe7 (25... Red8 26. Rxc6 bxc6 27. Bxc6) (25... Re6 26. Rxb5 cxb5 27. Rxd4) 26. Rxb5 cxb5 27. Rxd4 Qxb4 28. Rxb4 $44) 23. Qd2 Kg7 24. Rc4 Ra6 25. Qd1 b6 {Quite a committal, but not necessarily bad move.} ({It is not easy to find a constructive plan for White in case of neutral black play, though:} 25... Rea8 26. Rbc1 h5 27. Rb4 Kh7 (27... b6 $2 28. Bf8+ $1 $16 {[%cal Gf3c6]}) 28. Qc2 Kg8 (28... b6 $2 29. Bxb6 $1 Rxb6 30. Bxc6 Rxc6 31. Qxc6 Qxc6+ 32. Rxc6 $16) 29. Qc4 Kh7 30. Rc2 Kg7) 26. Bb4 c5 27. Bd2 Nc7 $1 {Heading for d5, in oder to keep dreaming of the c3-square.} (27... Nd6 {offers White some play:} 28. Rcc1 Qe6 29. b4 c4 (29... axb3 30. Qxb3 Qxb3 31. Rxb3) 30. dxc4 Nxc4 31. b5 Ra7 32. Rb4 $36) 28. Rcc1 Nd5 29. Qh1 $5 {An original way to cast some doubt over the advance of Black's queenside pawns. The d5-knight has lost some of his stability.} Be7 30. Kg1 Rd8 31. Rc2 Qe6 32. Qg2 Ra7 33. Re1 Rad7 34. Kh2 Rc8 35. Qh3 Qxh3+ {As a consequence of Black's space advantage, his queen enjoyed higher mobility and the possibility of keeping both wings under control. These are reasons to keep the queen, but how to achieve that?} (35... Qd6 $2 36. h5 $14 g5 $2 37. Bg4 $18) (35... f5 {looks entirely playable, though. White could try to keep weakening the light suqares from Black's camp with} 36. h5 g5 37. g4 Qd6+ 38. Kg2 f4 {, but how to make progress here?}) 36. Kxh3 h5 37. Rb1 {Somehow, Black's queenside looks more vulnerable in the absence of the queen.} Ra8 38. Kg2 Ra6 39. b3 axb3 40. Rxb3 Bf6 41. Rc4 Rd6 ({There does not seem to be any counterindication for} 41... Nc3 {, sicnce after} 42. e3 Nd5 $1 {it is not easy to make further progress.} 43. e4 $2 (43. exd4 Bxd4 {activates the bishop.}) 43... Nc3 $1 {and the c4-rook is in danger.}) 42. Kf1 Kf8 43. a4 Nc3 $6 {But now, the occupation of this square allows White take over the initiative. It does not lose the game, though, this will happen much, much later.} (43... Ke7 $6 44. a5 $1 bxa5 45. Rb7+ Ke6 (45... Kf8 46. Rxc5 $16) 46. Rxc5 a4 47. Bg2 $40) ({It is better to put the king into safety with} 43... Kg7 {waiting for White to display his intentions. For instance} 44. a5 $6 bxa5 $1 45. Rxc5 a4 {and there is no interemdiate check anymore.}) 44. Bf4 Re6 45. e3 Nxa4 (45... Kg7 46. exd4 cxd4 47. Bc6 $14) 46. Bd5 $1 Re7 (46... Re8 47. Bc6 $18) 47. Bd6 b5 48. Bxe7+ Bxe7 49. Rxb5 Nb6 50. e4 Nxc4 51. Rb8+ Kg7 52. Bxc4 Ra7 {This ending is very unpleasant for Black, but possibly not more than that.} 53. f4 (53. Rc8 Rb7 54. f3 Rb2 55. Rc7 Kf8 56. Kg1 Re2 57. g4 hxg4 58. fxg4 Re3 59. Kg2 Re2+ $11) 53... Bd6 54. Re8 Rb7 55. Ra8 Be7 56. Kg2 Rb1 57. e5 Re1 58. Kf2 Rb1 59. Re8 (59. e6 f5) (59. Kf3 Rf1+ 60. Ke4 Rg1) 59... Bf8 60. Rc8 Be7 61. Ra8 Rb2+ 62. Kf3 Rb1 63. Bd5 Re1 64. Kf2 Rd1 65. Re8 Bf8 66. Bc4 Rb1 67. g4 $5 {The only chance. Carlsen might have broken the kingside with his king on f2 in order to tempt his opponent to make use of the h1-square. Had he put his king on g2 first, Black would have been forced to play the correct move, ...g6xh5.} hxg4 68. h5 Rh1 $2 $18 (68... gxh5 69. f5 h4 70. f6+ Kg6 71. Rxf8 Kf5 $1 $11 (71... g3+ 72. Kf3 Kf5 73. Rh8) 72. Rh8 (72. Rxf7 $2 g3+ 73. Kf3 Rb2 $19) 72... Rb2+ 73. Kg1 Rb1+) 69. hxg6 fxg6 70. Re6 (70. e6 Bd6) 70... Kh6 71. Bd5 Rh2+ (71... Ra1 72. Be4) 72. Kg3 Rh3+ 73. Kxg4 Rxd3 74. f5 Re3 75. Rxg6+ Kh7 76. Bg8+ Kh8 77. Kf4 Rc3 78. f6 d3 79. Ke3 c4 80. Be6 Kh7 81. Bf5 Rc2 82. Rg2+ Kh6 83. Rxc2 dxc2 84. Bxc2 Kg5 85. Kd4 Ba3 86. Kxc4 Bb2 87. Kd5 Kf4 88. f7 Ba3 89. e6 Kg5 90. Kc6 Kf6 91. Kd7 Kg7 92. e7 1-0

[Event "Division I"]
[Site "Chess.com"]
[Date "2024.05.12"]
[Round "3.2"]
[White "Keymer, Vincent"]
[Black "Carlsen, Magnus"]
[Result "1/2-1/2"]
[WhiteElo "2816"]
[BlackElo "2893"]
[Annotator "Stockfish 16.1"]
[PlyCount "121"]
[EventDate "2024.??.??"]
[WhiteTeam "GER"]
[BlackTeam "NOR"]
[WhiteClock "0:00:15"]
[BlackClock "0:01:00"]

{[%evp 9,120,20,26,26,19,0,38,33,35,33,42,38,45,44,41,44,51,50,57,45,51,44,49,46,53,46,75,36,71,63,87,75,100,74,82,23,24,7,7,5,239,12,19,9,20,10,9,10,10,10,11,7,11,7,8,7,7,7,9,8,7,7,8,8,13,8,8,6,8,6,7,7,10,10,10,0,0,0,0,0,0,0,0,0,0,0,0,0,0,0,0,0,0,0,28,25,19,19,19,19,19,19,19,19,19,24,19,21,18,18,18,20,32]} 1. Nf3 d5 2. e3 Nf6 3. c4 c6 4. Nc3 Nbd7 5. Qc2 e5 6. cxd5 Nxd5 7. Bc4 Nxc3 (7... N7b6 $5 {[%cal Rb6c4]} 8. Nxe5 Be6 9. Bxd5 Nxd5 $11) 8. bxc3 Bd6 9. d4 Qe7 ({RR} 9... O-O 10. a4 Qe7 11. O-O e4 12. Nd2 Nf6 13. Be2 Bg4 14. Nxe4 Nxe4 15. Bxg4 Qh4 16. h3 f5 17. Be2 Rae8 18. Ba3 Rf6 19. Qb3+ Kh8 20. Qxb7 Ng5 21. Bxd6 Rxd6 22. Qc7 Rg6 23. Qg3 Nxh3+ 24. Kh2 {Le,Q (2739)-Sieciechowicz,M (2401) chess.com INT 2025 1-0 (38)}) 10. e4 b5 $146 ({RR} 10... O-O 11. O-O Nf6 12. h3 b5 13. Bd3 Re8 14. a4 Bb7 15. dxe5 Bxe5 16. Ba3 b4 17. Bxb4 c5 18. Ba3 Nh5 19. Rfe1 Nf4 20. Bb5 Red8 21. Nxe5 Qxe5 22. Bc1 Rd6 23. Bxf4 Qxf4 24. Qe2 Rad8 25. Qe3 {Keymer,V (2738)-Murzin,V (2627) Samarkand UZB 2023 ½-½ (51)}) 11. Bd3 O-O 12. O-O Rb8 13. a4 a6 14. Rb1 h6 15. Be3 Re8 16. h3 Bb7 17. Rfe1 Ba8 18. c4 {[%cal Ra4b5]} exd4 19. Nxd4 Bc5 20. cxb5 (20. Nf5 {seems wilder.} Qe5 21. cxb5 cxb5 22. f4 Bxe3+ 23. Rxe3 Qc5 24. Qb2) 20... cxb5 {[%cal Ra8e4]} 21. axb5 {[#] Black must now prevent Nc6.} (21. Nf5 {is more complex.} Qe5 22. f4 Bxe3+ 23. Rxe3 Qc5 24. Qb2) 21... axb5 {[%cal Ra8e4]} 22. Rxb5 Rxb5 23. Nxb5 Bxe4 24. Bxc5 Qxc5 $2 {[#]} (24... Nxc5 $11 {and Black has nothing to worry.} 25. f3 Qd7 26. Rxe4 (26. Bxe4 Nxe4 27. Rxe4 Qxb5 $11) 26... Nxe4) 25. Nc3 $2 ({Inferior is} 25. Rxe4 Rxe4 26. Bxe4 Qxb5 $11) (25. Qc4 $1 $18) 25... f5 $1 $11 26. Nxe4 (26. Bxe4 {keeps more tension.} Rxe4 27. Rxe4 fxe4 28. Qa2+ Kh8 29. Qa8+) 26... fxe4 27. Rxe4 Rxe4 28. Bxe4 Qxc2 29. Bxc2 {[%mdl 4096] Endgame KB-KN} Kf7 30. Kf1 Kf6 31. Ke2 Ke5 32. Ke3 {With the idea f4+.} g5 33. g3 Nf6 34. Bb3 Ne8 35. Ba4 Nf6 36. Bc6 Kd6 37. Bb7 {next Kd4 is good for White.} Ke5 38. Kf3 Kf5 39. Ba6 Ke5 40. Bd3 Kd4 41. Bb1 Ke5 42. h4 gxh4 43. gxh4 Nd5 44. Kg4 {Hoping for Kh5.} Nf6+ 45. Kg3 Nh5+ 46. Kf3 Nf6 47. Bc2 Nd5 48. Kg3 Nf6 49. Bg6 Nd5 50. Bf7 {Threatens to win with Bxd5.} Nf6 51. f3 Ne4+ 52. fxe4 Kxe4 {KB-KP} 53. Kg4 Ke5 54. Kh5 Kf6 55. Ba2 Kg7 56. Bb1 Kh8 57. Kxh6 Kg8 58. h5 Kh8 59. Kg6 Kg8 60. h6 Kh8 61. h7 {Accuracy: White = 87%, Black = 84%.} 1/2-1/2

[Event "San Fermin Masters Final"]
[Site "chess24.com INT"]
[Date "2021.07.10"]
[Round "1.2"]
[White "Iturrizaga Bonelli, Eduardo"]
[Black "Carlsen, Magnus"]
[Result "0-1"]
[WhiteElo "2607"]
[BlackElo "2847"]
[PlyCount "120"]
[EventDate "2021.07.10"]
[EventType "k.o."]
[EventRounds "3"]
[EventCountry "ESP"]
[SourceTitle "CBM 203 Extra"]
[Source "ChessBase"]
[SourceDate "2021.09.30"]
[SourceVersion "1"]
[SourceVersionDate "2021.09.30"]
[SourceQuality "1"]

1. c4 Nf6 2. g3 c6 3. Bg2 d5 4. Nf3 b5 5. cxd5 cxd5 6. d3 e6 7. O-O Be7 8. a4 $146 ({RR} 8. Bf4 Nc6 9. Nc3 a6 10. e4 O-O 11. Rc1 Bb7 12. exd5 exd5 13. Ne2 Bd6 14. Bxd6 Qxd6 15. Qd2 Qb4 16. Qc3 Rfe8 17. Ned4 Rac8 18. Nf5 Qf8 19. Qd2 Ne5 20. N3d4 h6 21. b4 Kh7 22. Nb3 g6 {Resika,N (1979)-Orndahl,M (2123) Gallipoli ITA 2025 ½-½ (59)}) 8... b4 9. a5 O-O 10. Nbd2 Nc6 11. Nb3 Ba6 12. Be3 Rc8 13. Qd2 e5 14. Rfc1 d4 15. Bg5 e4 16. Bxf6 e3 17. fxe3 dxe3 18. Qxe3 Bxf6 19. Qd2 Re8 20. Kh1 h5 21. Nc5 Bb5 22. Rab1 Qxa5 23. Ne4 Rxe4 24. dxe4 Qd8 25. Qd5 a6 26. Qxh5 Bxe2 27. Qf5 Ne7 28. Rxc8 Nxc8 29. Qd5 Qxd5 30. exd5 Nd6 31. b3 Bc3 32. Ng5 Bd3 33. Rc1 a5 34. Nh3 g6 35. Nf4 Bb5 36. Bf1 Bd7 37. Bd3 Kg7 38. Kg2 Kf6 39. Ne2 Bd2 40. Rc7 Be8 41. Ra7 a4 42. bxa4 b3 43. Ra6 Ke5 44. Ng1 Kxd5 45. Nf3 Bc3 46. a5 b2 47. Rb6 Kc5 48. Rb8 Bb5 49. Bb1 Bxa5 50. Ng5 Bc6+ 51. Kh3 Bc3 52. Kg4 f5+ 53. Kh3 Ne4 54. Nxe4+ Bxe4 55. Ba2 g5 56. Rc8+ Kb4 57. Rc7 Bd4 58. Rc4+ Ka3 59. Rxd4 Kxa2 60. Ra4+ Kb3 0-1

[Event "Legends of Chess Final"]
[Site "chess24.com INT"]
[Date "2020.08.01"]
[Round "1.22"]
[White "Svidler, Peter"]
[Black "Carlsen, Magnus"]
[Result "0-1"]
[WhiteElo "2723"]
[BlackElo "2863"]
[PlyCount "64"]
[EventDate "2020.07.31"]
[EventType "k.o."]
[EventRounds "2"]
[EventCountry "GER"]
[SourceTitle "CBM 197"]
[Source "ChessBase"]
[SourceDate "2020.07.27"]
[SourceVersion "1"]
[SourceVersionDate "2020.07.27"]
[SourceQuality "1"]

1. Nf3 {Marin,Mihail} d5 2. g3 c6 3. Bg2 Bg4 4. c4 e6 5. O-O Nf6 6. d3 Bd6 ({RR} 6... dxc4 7. dxc4 Nbd7 8. Nc3 Qc7 ({RR} 8... Be7 9. Nh4 ({RR} 9. h3 Bxf3 10. exf3 Nc5 11. Be3 Qd3 12. Ne4 Nfxe4 13. fxe4 Qxc4 ({RR} 13... O-O 14. Qc1 Rfd8 15. Bf3 Qd6) 14. Rc1 Qb5 15. Qd4 O-O 16. Rxc5 Bxc5 17. Qxc5 Qxb2 18. a4) 9... O-O 10. h3 Bh5) ({RR} 8... Qa5 9. Be3 Be7 10. Qb3 Qc7 ({RR} 10... Qa6) ({RR} 10... Nb6) 11. h3 Bh5 12. Bf4 ({RR} 12. Rad1) ({RR} 12. Nh4) 12... e5 13. Be3 Nc5 14. Qc2 a5 ({RR} 14... Bg6 15. Qc1 a5) 15. Nh4 Bg6 16. Nxg6 hxg6 17. Rad1 O-O 18. Na4 Nfd7 19. Nxc5 Nxc5 20. Rd2) ({RR} 8... Bxf3 9. exf3 Be7 10. Qe2 O-O 11. Rd1 a5 12. Na4 Qb8 13. Bf4 Qa7 14. Be3 Qb8 15. f4 Re8 16. g4) 9. h3 Bh5 10. Nh4 Be7 ({RR} 10... O-O-O) ({RR} 10... Bc5 11. Bf4 e5 12. Bg5 O-O-O 13. Qc2 Kb8 ({RR} 13... h6 14. Bxf6 Nxf6 15. g4 g5 16. gxh5 gxh4 17. Qf5+ Nd7 18. Ne4 Kb8 19. Rad1) 14. Rab1 Bb4 15. Ne4) ({RR} 10... Bd6 11. Be3 O-O 12. Qc2 Rad8 13. Rfd1 Ne5 14. Bd4 Be7 15. g4 Bg6 16. Nxg6 hxg6 17. b3 Ned7) 11. Bf4 e5 ({RR} 11... Qb6 12. g4 Bg6 13. Na4 Qb4 14. Nxg6 hxg6 15. b3) ({RR} 11... Qa5 12. a3 Qa6 13. b3 ({RR} 13. b4 Qxc4 14. Rc1 Qa6 15. g4 Bg6 16. Nxg6 hxg6 17. Qb3 O-O 18. Rfd1) 13... h6 ({RR} 13... O-O 14. g4 Bg6 15. Nxg6 hxg6 16. g5) 14. Bd6 ({RR} 14. g4 g5) 14... Rd8 15. Bxe7 Kxe7 16. Qc2 g5 17. Nf3 Bg6 18. Qb2) 12. Bg5 Bg6 ({RR} 12... h6 13. Be3) ({RR} 12... O-O 13. Nf5) 13. Nxg6 hxg6 14. Qc2 Nc5 15. Rad1 Ne6 16. Bc1 ({RR} 16. Be3 Bc5 ({RR} 16... O-O 17. Na4) 17. Bxc5 Nxc5 18. b4 Ne6 19. b5 O-O 20. e3 Nc5 21. bxc6 bxc6 22. Na4) 16... Nd4 17. Qa4 Nd7 18. Rd2 Nc5 ({RR} 18... Nb6 19. Qa5 ({RR} 19. Nd5 Qb8 20. Nxb6 axb6 21. Qd1 Rxa2) 19... O-O-O ({RR} 19... O-O 20. Rfd1 Rfd8 21. b3) 20. e3 ({RR} 20. Qxa7 Nxc4 21. Rdd1 Bb4) 20... Nxc4 ({RR} 20... Ne6 21. Rxd8+ Rxd8 22. Qxa7 Nxc4 23. Qa8+ Qb8 24. Qa4) 21. Qxc7+ Kxc7 22. exd4 Nxd2 23. Bxd2 Rxd4 24. Be3 Rd7 25. h4) ({RR} 18... Ne6 19. Rfd1 Nb6 20. Qb3 Nd4 21. Rxd4 exd4 22. Bf4 Bd6 ({RR} 22... Qd7 23. Be5 O-O 24. Bxd4 Qe6 25. c5 Qxb3 26. axb3 Nd7 27. b4) 23. Bxd6 Qxd6 24. e3 Qe6 25. Rxd4 O-O 26. c5 Qxb3 27. axb3 Nc8 28. Rd7 Rb8 29. b4) 19. Qd1 a5 ({RR} 19... Qb6 20. e3 Nde6 21. Na4 Nxa4 22. Qxa4 Nc5 23. Qc2 O-O 24. b3 a5 25. Bb2) 20. e3 Nde6 21. Nd5 {Wang,H (2752)-Caruana,F (2796) Dortmund 2013 CBM 156 [Marin,Mihail] 1-0 (39)}) ({RR} 6... Nbd7 7. cxd5 exd5 8. h3 Bh5 9. Nc3 Bc5 10. Qb3 b5 11. e4 dxe4 12. dxe4 Bxf3 13. Bxf3 Ne5 ({RR} 13... O-O 14. Bg2 Qe7 15. Kh2 Rfe8) 14. Be2 O-O 15. Kg2 Ned7 16. Bg5 ({RR} 16. f4 b4 17. Na4 Nxe4 18. Bf3 Re8 19. Qc2 Qe7 20. Rd1) 16... Bd4 17. Rad1 Qb6) ({RR} 6... Be7 7. Qb3 ({RR} 7. Be3 Bxf3 8. Bxf3 d4 9. Bd2 ({RR} 9. Bf4 Nbd7 10. e4 e5 11. Bc1 h5 12. Nd2 h4 13. Be2 Nc5 14. b4 Ne6 15. c5 ({RR} 15. Rb1 hxg3 16. fxg3 Qc7) 15... hxg3 16. fxg3 a5 17. Nc4 axb4 18. Nxe5 Qc7 19. Nxf7 Kxf7 20. Qb3 Bxc5 21. Bg4 Rae8 22. Bf4 Qd7 23. Bg5 Kg6) 9... Nbd7 10. b4 h5 11. h3 Qc7 12. Bg2 Ne5 13. Qc1 Ng6 14. Na3 Rd8 15. Nc2 h4 16. g4 e5 17. Qa3 O-O) 7... Qb6 8. Qc2 Nbd7 9. Be3 Bc5 10. Bxc5 Qxc5 11. Nbd2 a5 12. Rfc1 O-O 13. cxd5 Qxc2 14. Rxc2 exd5 15. h3 Bxf3 16. Nxf3 Rfe8) 7. Qb3 ({RR} 7. Nc3 O-O 8. Be3 Nbd7 9. Qb3 Qb8 10. a3 Re8 11. Rfc1 Bh5 12. Qc2 a5 13. b3 h6 14. Qb2 Ne5 15. Nxe5 Bxe5 16. d4 Bd6 17. Bd2 Bg6 18. Na4 Qd8 19. Bf4 Bxf4 20. gxf4 Ne4 21. e3 Nd6 {Pantsulaia,L (2612)-Carlsen,M (2837) Riadh 2017 0-1 (67)}) 7... Qe7 $146 ({RR} 7... Qc7 8. Nc3 Nbd7 9. cxd5 exd5 10. e4 dxe4 11. dxe4 O-O 12. Nd4 Rad8 13. h3 Nc5 14. Qc4 b5 15. Ndxb5 cxb5 16. Nxb5 Be6 17. Qc3 Qc8 18. e5 Nd5 19. Qd4 {½-½ (19) Al Huwar,J (2275)-Ben Nasser,K (2215) Fujairah 2012}) ({RR} 7... Qb6 8. Be3 Qxb3 9. axb3 Nbd7 10. h3 Bxf3 11. Bxf3 a6 12. Nc3 O-O 13. d4 Rfd8 14. Rfd1 h6 15. Bd2 e5 16. cxd5 exd4 17. dxc6 dxc3 18. cxb7 Rab8 19. bxc3 Nc5 20. Be3 Nce4 21. Bd4 Bc7 22. Bxf6 {Pantsulaia,L (2457)-Subelj,J (2545) Batumi GEO 2025 1-0 (35)}) 8. Nc3 Na6 9. cxd5 exd5 10. e4 dxe4 11. dxe4 O-O 12. e5 Bxe5 13. Nxe5 Qxe5 14. Qxb7 Nc5 15. Bf4 Qh5 16. Qxc6 Rac8 17. Qb5 a6 18. Qa5 Rfe8 19. f3 Nd3 20. Qxh5 Bxh5 21. Bg5 Nxb2 22. Bxf6 gxf6 23. Ne4 Rc6 24. Rac1 Ree6 25. Nc5 Re7 26. f4 Rb6 27. Bd5 Kg7 28. Rf2 Nd1 29. Bb3 Nxf2 30. Kxf2 Re2+ 31. Kg1 Bf3 32. Rc3 Bd5 0-1

[Event "London Classic 11th"]
[Site "London"]
[Date "2019.12.08"]
[Round "2.5"]
[White "Aronian, Levon"]
[Black "Carlsen, Magnus"]
[Result "1/2-1/2"]
[WhiteElo "2775"]
[BlackElo "2872"]
[PlyCount "104"]
[EventDate "2019.12.02"]
[EventType "k.o."]
[EventRounds "2"]
[EventCountry "ENG"]
[SourceTitle "CBM 194"]
[Source "ChessBase"]
[SourceDate "2020.01.27"]
[SourceVersion "1"]
[SourceVersionDate "2020.01.27"]
[SourceQuality "1"]

1. Nf3 d5 2. e3 Nf6 3. c4 c6 4. Nc3 a6 5. Qc2 Bg4 ({RR} 5... e6 6. b3 c5 7. cxd5 exd5 8. d4 Nc6 9. dxc5 Bxc5 10. Bb2 O-O 11. Rd1 Nb4 12. Qb1 g6 13. Bd3 d4 14. Nxd4 Bxd4 15. exd4 Re8+ 16. Ne2 Nxd3+ 17. Qxd3 Bf5 18. Qd2 Rc8 19. Rc1 Rxc1+ 20. Bxc1 {Svidler,P (2765)-Eljanov,P (2711) Riadh 2017 ½-½ (82)}) 6. Ne5 ({RR} 6. b3 e6 7. Bb2 Nbd7 8. Be2 Bd6 9. O-O O-O 10. d4 Qe7 11. Rfe1 b5 12. h3 Bh5 13. e4 Bg6 14. Bd3 bxc4 15. bxc4 Rab8 16. Rab1 Bb4 17. e5 Bxd3 18. Qxd3 Ne4 19. c5 Bxc3 20. Bxc3 Rb5 {Fedotov,N (2278)-Becking,S (2410) chess.com INT 2025 1-0 (73)}) 6... e6 7. cxd5 $146 ({RR} 7. Nxg4 Nxg4 8. Be2 Nf6 9. d4 Bd6 10. O-O O-O 11. e4 dxe4 12. Nxe4 Nxe4 13. Qxe4 Nd7 14. Rd1 Qe7 15. Bd3 f5 16. Qf3 Rae8 17. Bf1 Kh8 18. Bf4 Bxf4 19. Qxf4 e5 20. dxe5 Nxe5 21. Rd2 Ng6 {Ivanov,O (2423)-Garmash,A (2089) Ershovo RUS 2024 1-0 (60)}) ({RR} 7. Nxg4 Nxg4 8. Be2 Nf6 9. d4 Bd6 10. O-O O-O 11. e4 dxe4 12. Nxe4 Nxe4 13. Qxe4 Nd7 14. Rd1 Qe7 15. Bd3 f5 16. Qf3 Rae8 17. Bf1 Kh8 18. Bf4 Bxf4 19. Qxf4 e5 20. dxe5 Nxe5 21. Rd2 Ng6 {Ivanov,O (2423)-Garmash,A (2089) Ershovo RUS 2024 1-0 (60)}) 7... exd5 8. Nxg4 Nxg4 9. h3 Nf6 10. g3 g6 11. Bg2 Bg7 12. Ne2 O-O 13. b3 Nbd7 14. Bb2 Re8 15. d3 Nh5 16. O-O Bxb2 17. Qxb2 Qf6 18. Qc2 a5 19. e4 dxe4 20. dxe4 Qe7 21. Rad1 Nc5 22. Nc3 Rad8 23. Rxd8 Rxd8 24. Rd1 Ng7 25. Rxd8+ Qxd8 26. Qd1 Qf6 27. Qd2 Nge6 28. f4 h5 29. h4 Kg7 30. Kf2 Nd7 31. Ne2 Ne5 32. Ke1 Ng4 33. Qc3 Qxc3+ 34. Nxc3 Ne3 35. Bh3 Nc2+ 36. Kd2 Ncd4 37. Ke3 f5 38. e5 Kf7 39. Bf1 Ke7 40. Bd3 b5 41. Nb1 Kd7 42. Nd2 Kc7 43. Bf1 Kb6 44. Kd3 Kc5 45. Kc3 Nc7 46. a3 Nd5+ 47. Kd3 b4 48. a4 Nc7 49. Ke3 Nd5+ 50. Kd3 Nc7 51. Ke3 Nd5+ 52. Kd3 Nc7 1/2-1/2